La cantante calva
Saved in:
| Main Author: | |
|---|---|
| Format: | Book |
| Language: | Spanish |
| Published: |
Buenos Aires
Losada
1995
|
| Edition: | 5a. ed |
| Series: | Biblioteca Clásica y Contemporánea
|
| Subjects: | |
| Tags: |
Add Tag
No Tags, Be the first to tag this record!
|
MARC
| LEADER | 00000cam a2200000 a 4500 | ||
|---|---|---|---|
| 001 | UCH6860 | ||
| 003 | CL-VaPUC | ||
| 008 | 091109e19950000AG |||||||||||||||||spa|d | ||
| 020 | |a 9500303337 | ||
| 082 | 0 | 4 | |a 842 |b ION |2 21 |
| 100 | |a Ionesco, Eugène |e author |9 318943 | ||
| 245 | 1 | 3 | |a La cantante calva |
| 246 | 1 | 0 | |a Jacobo o la sumisión |
| 246 | 1 | 3 | |a El porvenir está en los huevos |
| 250 | |a 5a. ed | ||
| 300 | |a 99 p | ||
| 942 | |c BK | ||
| 945 | |d 20091109 00:00:00 |a lazolas | ||
| 260 | |a Buenos Aires |b Losada |c 1995 | ||
| 650 | 0 | |a Drama francés |9 313202 | |
| 583 | |a last modification |c 20150602 09:34:37 |k Rodrigo Vera | ||
| 490 | 0 | |a Biblioteca Clásica y Contemporánea | |
| 999 | |c 337672 |d 337670 | ||
| 952 | |0 0 |1 0 |3 erb |4 0 |6 842_000000000000000_ION_1995 |7 0 |8 A |9 430261 |a BIBEDU |b BIBEDU |e Villagrán Garnham, Jorge |i 5176867 |o 842 ION 1995 |p 5176867 |r 2019-11-22 |w 2019-11-22 |y BK |z Catalogado en:20150605 |k LIT | ||